000 00757nam a22002537a 4500
001 BR9202074
003 BR-BrBNA
005 20230928095847.0
007 ta
008 230509b bl.||||| |||| 00| 0 por d
040 _aBR-BrBNA
_bpor
_cBiblioteca Nacional de Agricultura
041 _a(Por)
072 _aF01; L01; A50
090 _ F01 BR9202074
110 1 _aCentro Nacional de Pesquisa de Soja, Londrina, PR (Brasil)
_91793
245 1 _aRelatorio tecnico anual do Centro de Pesquisa Agropecuaria do Tropico Umido 1985-1987
260 3 _aBelem, PA (Brasil):
_c1988.
300 _a474 p.
650 _aPesquisa Agricola
650 _aPesquisa Pecuaria
650 _aPesquisa Florestal
909 _a202309
_bLucia
_c55
_dLucia Elande
942 _cBK
999 _c59083
_d59083